<?xml version="1.0" encoding="UTF-8"?>
<record
    xmlns:xsi="http://www.w3.org/2001/XMLSchema-instance"
    xsi:schemaLocation="http://www.loc.gov/MARC21/slim http://www.loc.gov/standards/marcxml/schema/MARC21slim.xsd"
    xmlns="http://www.loc.gov/MARC21/slim">

  <leader>00759nam a2200157Ia 4500</leader>
  <controlfield tag="008">161024                       000 0 eng d</controlfield>
  <datafield tag="020" ind1=" " ind2=" ">
    <subfield code="a">801811848</subfield>
  </datafield>
  <datafield tag="040" ind1=" " ind2=" ">
    <subfield code="a">NG-ZaABU</subfield>
  </datafield>
  <datafield tag="050" ind1=" " ind2=" ">
    <subfield code="a">HG 4538</subfield>
  </datafield>
  <datafield tag="245" ind1=" " ind2="0">
    <subfield code="a">Foreign investment in the petroleum and mineral industry:</subfield>
    <subfield code="b">case studies of investor-host country relations/</subfield>
    <subfield code="c">by Raymond F.  Mikesell [et-al]</subfield>
  </datafield>
  <datafield tag="260" ind1=" " ind2=" ">
    <subfield code="a">Baltimore:</subfield>
    <subfield code="b">John Hopkins Press,</subfield>
    <subfield code="c">1971</subfield>
  </datafield>
  <datafield tag="300" ind1=" " ind2=" ">
    <subfield code="a">xvii, 459p.:ill.</subfield>
  </datafield>
  <datafield tag="500" ind1=" " ind2=" ">
    <subfield code="a">Includes index</subfield>
  </datafield>
  <datafield tag="700" ind1=" " ind2=" ">
    <subfield code="a">Mikesell, Raymond F.;Bartsch, William H.;Behrman, Jack N.;Church, Phillp E.;Edwards, Gertrud G.;Gomez, Henry;Harris, William G.;Mamalaski, Markos;Wells, Donald A.;Wionczek, Miguel S.;Zinser, James E.</subfield>
  </datafield>
  <datafield tag="999" ind1=" " ind2=" ">
    <subfield code="c">76736</subfield>
    <subfield code="d">76736</subfield>
  </datafield>
</record>
